A history of South-East Asia / (Record no. 21266)

MARC details
000 -LEADER
fixed length control field 00410cam a2200157 i 4500
020 ## - INTERNATIONAL STANDARD BOOK NUMBER
ISBN 0312386419 :
020 ## - INTERNATIONAL STANDARD BOOK NUMBER
ISBN 0312386427 pbk. :
082 00 - DEWEY DECIMAL CLASSIFICATION NUMBER
Classification number 959
Author Cutter HAL
100 1# - MAIN ENTRY--AUTHOR NAME
Author name Hall, D. G. E.
245 12 - TITLE STATEMENT
Title A history of South-East Asia /
250 ## - EDITION STATEMENT
Edition statement 4th ed.
260 ## - PUBLICATION, DISTRIBUTION, ETC. (IMPRINT)
Place of publication New York :
Name of publisher St. Martin's Press,
Year of publication 1981.
300 ## - PHYSICAL DESCRIPTION
Number of Pages xxx, 1070 p., [1] leaf of plates :
Other physical details ill. ;
500 ## - GENERAL NOTE
General note Includes index.
942 ## - ADDED ENTRY ELEMENTS (KOHA)
Koha item type Books
Holdings
Home library Current library Shelving location Date acquired Full call number Accession Number Koha item type
Henry Martyn Institute Library Henry Martyn Institute Library General stacks 08/02/2018 959 HAL 24512 Books
                   Copyright © 2026 | Henry Martyn Institute | Hyderabad | TS-500052 | INDIA | Implemented by hmi.edu.in
Hit-Count:

Powered by Koha